000 00391nam a2200157Ia 4500
008 210716s2004 xx 000 0 und d
020 _a8129706075
041 _aeng
082 _a004.65 ODOW
100 _aOdom, Wendell.
245 _aComputer networking first step.
250 _a1
260 _aNew Delhi
_bPearson Education
_c2004
300 _axxx,515
650 _aComputer Networks
999 _c186879
_d186879